000 00715nam a2200253Ia 4500
003 OSt
005 20221007072303.0
006 a|||||r|||| 00| 0
007 ta
008 221006b |||||||| |||| 00| 0 eng d
024 _a1,583
037 _cReference Collections
040 _aFLL
_cFLL
_beng
041 _2eng
_aeng
082 _aXM55:Z3, J9;K8-1;2
100 _aSchmitthoff Clive M.
245 0 _aCompany law
250 _a21st
260 _aLondon
_bStevens & Sons India
_c1971
650 _aCompany law
700 _a Thompson James M.
_9454772
942 _hXM55:Z3, J9;K8-1;2
_cREF
_2CC
999 _c1145639
_d1145639